<?xml version="1.0" encoding="UTF-8"?><?xml-stylesheet type="text/xsl" href="static/style.xsl"?><OAI-PMH xmlns="http://www.openarchives.org/OAI/2.0/" xmlns:xsi="http://www.w3.org/2001/XMLSchema-instance" xsi:schemaLocation="http://www.openarchives.org/OAI/2.0/ http://www.openarchives.org/OAI/2.0/OAI-PMH.xsd"><responseDate>2026-04-14T06:37:22Z</responseDate><request verb="GetRecord" identifier="oai:www.recercat.cat:20.500.12327/957" metadataPrefix="marc">https://recercat.cat/oai/request</request><GetRecord><record><header><identifier>oai:recercat.cat:20.500.12327/957</identifier><datestamp>2025-10-22T11:02:15Z</datestamp><setSpec>com_2072_4428</setSpec><setSpec>com_2072_4427</setSpec><setSpec>col_2072_487898</setSpec></header><metadata><record xmlns="http://www.loc.gov/MARC21/slim" xmlns:dcterms="http://purl.org/dc/terms/" xmlns:xsi="http://www.w3.org/2001/XMLSchema-instance" xmlns:doc="http://www.lyncode.com/xoai" xsi:schemaLocation="http://www.loc.gov/MARC21/slim http://www.loc.gov/standards/marcxml/schema/MARC21slim.xsd">
   <leader>00925njm 22002777a 4500</leader>
   <datafield ind2=" " ind1=" " tag="042">
      <subfield code="a">dc</subfield>
   </datafield>
   <datafield ind2=" " ind1=" " tag="720">
      <subfield code="a">Toldrà, Anna</subfield>
      <subfield code="e">author</subfield>
   </datafield>
   <datafield ind2=" " ind1=" " tag="720">
      <subfield code="a">O'Sullivan, Ciara K.</subfield>
      <subfield code="e">author</subfield>
   </datafield>
   <datafield ind2=" " ind1=" " tag="720">
      <subfield code="a">Diogène, Jorge</subfield>
      <subfield code="e">author</subfield>
   </datafield>
   <datafield ind2=" " ind1=" " tag="720">
      <subfield code="a">Campàs, Mònica</subfield>
      <subfield code="e">author</subfield>
   </datafield>
   <datafield ind2=" " ind1=" " tag="260">
      <subfield code="c">2020-08-10</subfield>
   </datafield>
   <datafield ind2=" " ind1=" " tag="520">
      <subfield code="a">Harmful algal blooms (HABs) represent a growing threat to aquatic ecosystems and humans. Effective HAB management and mitigation efforts strongly rely on the availability of timely and in-situ tools for the detection of microalgae. In this sense, nucleic acid-based (molecular) methods are being considered for the unequivocal identification of microalgae as an attractive alternative to the currently used time-consuming and laboratory-based light microscopy techniques. This review provides an overview of the progress made on new molecular biotechnological tools for microalgal detection, particularly focusing on those that combine a nucleic acid (DNA or RNA) amplification step with detection. Different types of amplification processes (thermal and isothermal) and detection formats (e.g. microarrays, biosensors, lateral flows) are presented, and a comprehensive overview of their advantages and limitations is provided Although isothermal techniques are an attractive alternative to thermal amplification to reach in-situ analysis, further development is still required. Finally, current challenges, critical steps and future directions of the whole analysis process (from sample procurement to in-situ implementation) are described.</subfield>
   </datafield>
   <datafield ind1="8" ind2=" " tag="024">
      <subfield code="a">Toldrà, Anna, Ciara K. O'Sullivan, Jorge Diogène, and Mònica Campàs. 2020. "Detecting Harmful Algal Blooms With Nucleic Acid Amplification-Based Biotechnological Tools". Science Of The Total Environment 749: 141605. doi:10.1016/j.scitotenv.2020.141605.</subfield>
   </datafield>
   <datafield ind1="8" ind2=" " tag="024">
      <subfield code="a">0048-9697</subfield>
   </datafield>
   <datafield ind1="8" ind2=" " tag="024">
      <subfield code="a">http://hdl.handle.net/20.500.12327/957</subfield>
   </datafield>
   <datafield ind1="8" ind2=" " tag="024">
      <subfield code="a">https://doi.org/10.1016/j.scitotenv.2020.141605</subfield>
   </datafield>
   <datafield ind2="0" ind1="0" tag="245">
      <subfield code="a">Detecting harmful algal blooms with nucleic acid amplification-based biotechnological tools</subfield>
   </datafield>
</record></metadata></record></GetRecord></OAI-PMH>